LEADER 01036nam a2200253 i 4500 001 000000059600 003 CaOOAMICUS 005 20120406000000.0 008 120406s1971 it u000 u ita u 013 $a30772 040 $aSeMil$bita 100 1 $aGevaert, Joseph,$d<1930-2019>.$0(OLS)http://semarc/name/24356 245 10$aAntropologia e catechesi /$cJoseph Gevaert. 260 $aTorino-Leumann :$bElle Di Ci,$c1971. 300 $a128 p. ;$c23 cm. 490 0 $aQuaderni di pedagogia catechistica ;$vB1 650 4$aAntropologia teologica.$0(OLS)http://semarc/subject/2114 650 4$aCatechesi.$0(OLS)http://semarc/subject/3693 830 0$aQuaderni di pedagogia catechistica ;$vB1.$0(OLS)http://semarc/title/486 850 $aSeMil 852 $aSeMil$W1$xVenegono$y1$m2C V 463$j25753$B25753$CSeMilBibl$Z2$F25756 $81 961 $aOmaggio: Oggioni don Costantino 996 $6245$aAntropologia e catechesi$9(OLS)http://semarc/title/93150 996 $6260$aTorino-Leumann :$bElle Di Ci$9(OLS)http://semarc/publisher/30113 LEADER 00552nab a2200145 i 4500 001 000000316145 003 CaOOAMICUS 005 20180831173203.0 008 180831n xx uu u0 0und r 013 $a25228 040 $aSeMil$bita 100 1 $aTramontin, Silvio,$d<1919-1997>.$0(OLS)http://semarc/name/9362 245 10$a[RECENSIONE DI: Antonetti..., La Fuci di Montini e di Righet..., 1979]. 773 0 $t[Gennaio-Dicembre].$g182-183$w()274000 996 $6245$a[RECENSIONE DI: Antonetti..., La Fuci di Montini e di Righet..., 1979]$9(OLS)http://semarc/title/390174